Consulting The Profession of the Future

Gespeichert in:
Bibliographische Detailangaben
1. Verfasser: Hanuláková, Eva, 1964-
Weitere Verfasser: Daňo, Ferdinand, 1959-, Krzywonos, Małgorzata, Karlíček, Miroslav, Drábik, Peter, 1981-
Format: Buch
Sprache:Englisch
Veröffentlicht: Lüdenscheid RAM-Verlag 2021
Ausgabe:1st Edition
Schlagworte:
Tags: Tag hinzufügen
Keine Tags, Fügen Sie das erste Tag hinzu!

MARC

LEADER 00000nam a2200000 4500
001 0279658
005 20240502083849.8
020 |a 978-3-96595-011-5 
041 0 |a eng 
044 |a DE 
245 1 0 |a Consulting  |b The Profession of the Future  |c Eva Hanuláková - Ferdinand Daňo ; Reviewers: Małgorzata Krzywonos, Miroslav Karlíček, Peter Drábik 
250 |a 1st Edition 
264 1 |a Lüdenscheid  |b RAM-Verlag  |c 2021 
300 |a 132 s. [6,6 AH] 
610 2 0 |a poradenstvo 
610 2 0 |a poradcovia 
610 2 0 |a služby konzultačné 
610 2 0 |a konzultanti 
610 2 0 |a konzultácie 
610 2 0 |a proces informačný 
610 2 0 |a firmy 
610 2 0 |a marketing 
100 1 |a Hanuláková, Eva, 1964- 
700 1 |a Daňo, Ferdinand, 1959- 
700 1 |a Krzywonos, Małgorzata 
700 1 |a Karlíček, Miroslav 
700 1 |a Drábik, Peter, 1981-